000
00313nam a22001457a 4500
999
_c
12098
_d
12098
020
_a
978-93-325-8611-6
082
_a
302
100
_a
Robert A .Baron
245
_a
Social Psychology
250
_a
14th edition
260
_a
India
_b
Pearson
_c
2018
300
_a
570
650
_a
Psychology
942
_c
BK